| 000 | 00576cam a22001934a 4500 | ||
|---|---|---|---|
| 020 | _a9781597180634 (pbk.) | ||
| 020 | _a1597180637 (pbk.) | ||
| 040 | _cSTF | ||
| 082 | _a519 STA 2009 A028 Or. | ||
| 245 | 0 | 0 |
_aStata time-series reference manual : _brelease 11. |
| 246 | 1 | 4 | _aStata release 11 : time-series |
| 246 | 1 | 8 | _aStata 11 : time-series |
| 260 |
_aCollege Station, Tex. : _bStataCorp LP, _cc2009. |
||
| 300 |
_aiii, 537 p. : _bill. ; _c24 cm. |
||
| 500 | _a"A Stata Press publication." | ||
| 650 | 0 | _aTime-series analysis | |
| 710 | 2 | _aStataCorp LP. | |
| 942 | _cEK | ||
| 999 |
_c12943 _d12943 |
||